ბათუმის შოთა რუსთაველის სახელმწიფო უნივერსიტეტის ბიბლიოთეკა

სამართლის ფილოსოფიის,საგანი,სისტემა,ფუნქციები (ბიბ.ჩანაწერი № 50620)

000 -LEADER
fixed length control field 00979nam a2200241Ia 4500
001 - CONTROL NUMBER
control field 17570
003 - CONTROL NUMBER IDENTIFIER
control field GE_BSU
008 - FIXED-LENGTH DATA ELEMENTS--GENERAL INFORMATION
fixed length control field 181216s||||||||xx |||||||||||||| ||und||
020 ## - INTERNATIONAL STANDARD BOOK NUMBER
International Standard Book Number 9789941462191
040 ## - CATALOGING SOURCE
Transcribing agency GE_BSU
080 ## - UNIVERSAL DECIMAL CLASSIFICATION NUMBER
Universal Decimal Classification number 34.01
100 ## - MAIN ENTRY--PERSONAL NAME
Personal name გორგოშაძე,მურმან
245 ## - TITLE STATEMENT
Title სამართლის ფილოსოფიის,საგანი,სისტემა,ფუნქციები
245 ## - TITLE STATEMENT
Statement of responsibility, etc. სარედ.კოლ:ადამ მახარაძე,მურმან გორგოშაძე,ომარ მახარაძე, და სხვ.
260 ## - PUBLICATION, DISTRIBUTION, ETC.
Place of publication, distribution, etc. ბათუმი.
260 ## - PUBLICATION, DISTRIBUTION, ETC.
Name of publisher, distributor, etc. შოთა რუსთაველის უნიტის გამ-ბა
260 ## - PUBLICATION, DISTRIBUTION, ETC.
Date of publication, distribution, etc. 2015
300 ## - PHYSICAL DESCRIPTION
Extent 30გვ;20სმ
653 ## - INDEX TERM--UNCONTROLLED
Uncontrolled term სამართლი
653 ## - INDEX TERM--UNCONTROLLED
Uncontrolled term სამართლის ფილოსოფიის საგანი
942 ## - ADDED ENTRY ELEMENTS (KOHA)
Koha item type წიგნი

არაა ხელმისაწვდომი ეგზემპლარები.